50 teorías políticas
Na minha lista:
| Principais autores: | , , , , , , |
|---|---|
| Formato: | Livro |
| Idioma: | espanhol |
| Publicado em: |
Barcelona
Blume
2011
|
| coleção: | Guía Breve
|
| Assuntos: | |
| Tags: |
Adicionar Tag
Sem tags, seja o primeiro a adicionar uma tag!
|
MARC
| LEADER | 00000cam a2200000 a 4500 | ||
|---|---|---|---|
| 001 | UCF5941 | ||
| 003 | CL-VaPUC | ||
| 008 | 130404e20110000SP |||||||||||||||||spa|d | ||
| 020 | |a 9788498015591 | ||
| 082 | 0 | 4 | |a 320.01 |b TAY |2 21 |
| 100 | 0 | |a Taylor, Steven L |e author |9 567947 | |
| 700 | 0 | |a Bailey, Michael |e author |9 567948 | |
| 700 | 0 | |a Blum, Elizabeth |e author |9 567949 | |
| 700 | 0 | |a Davis, G. Doug |e author |9 567950 | |
| 700 | 0 | |a Lawrence, Christopher N |e author |9 567951 | |
| 700 | 0 | |a Sun, Feng |e author |9 567952 | |
| 700 | 0 | |a Weeks, Gregory |e author |9 567953 | |
| 245 | 1 | 0 | |a 50 teorías políticas |
| 300 | |a 159 p | ||
| 942 | |c BK | ||
| 945 | |d 20130404 00:00:00 |a dcastane | ||
| 260 | |a Barcelona |b Blume |c 2011 | ||
| 650 | 7 | |a FILOSOFIA POLITICA |2 CL-VaPUC |9 567954 | |
| 650 | 7 | |a TEORIA POLITICA |2 CL-VaPUC |9 567955 | |
| 583 | |a last modification |c 20160913 04:45:23 |k Rodrigo Vera | ||
| 490 | 0 | |a Guía Breve | |
| 999 | |c 351334 |d 351332 | ||
| 952 | |0 0 |1 0 |4 0 |6 320_010000000000000_TAY_2011 |7 0 |8 X |9 455380 |a FDOBUD |b FDOBUD |d 2019-11-22 |i 4861493 |o 320.01 TAY 2011 |p 4861493 |r 2019-11-22 |w 2019-11-22 |y BK_X |k BUD | ||